01754nam a22002057a 450000500170000000700150001700800410003202000220007303500100009504000090010524500830011425600240019726000400022130000280026150008350028950602700112465000310139474000380142585600850146320240305165608.0cr|||| |||| 210702s2020 co |||||s|||| 00||0 spa d a978-958-792-150-2 a33448 avLex00aCuaderno financieroh[Recurso electrónico] :bGestione sus ingresos y gastos aServicio en línea aBogotá:bEdiciones de la U,c2020 a1 recurso electrónico a¿Alguna vez ha llegado a fin de mes y se ha preguntado dónde ha ido a parar su dinero? Probablemente sí, e incluso más de una vez. Para poner a raya sus finanzas y no perder el control, comience por anotar sus ingresos y gastos de manera organizada. De este modo, será más fácil hacer cálculos, analizar sus patrones de consumo y tomar decisiones acertadas. Incluso es probable que se lleve alguna sorpresa: muchas personas no tienen ni idea de cuánto gastan en ciertos artículos y, a veces, ver estos números negro sobre blanco da pie a hacer cambios que les ayuden a optimizar los ingresos de que disponen. Con la ayuda de este Cuaderno financiero le será más fácil lograr este objetivo. Aquí encontrará una manera sencilla y efectiva de administrar sus finanzas y no perder la pista de su dinero.1 aDisponible solo en los productos indicadosdvLex GlobaldvLex Global (Academic Edition, excluding Law Schools)dvLex Global (U.S. Academic Edition, Law Schools)dvLex Global (U.S. Academic Edition, excluding Law Schools)dvLex Global (Academic Edition, Law Schools)04aBanca y finanzaszColombia0 avLex Libros (Servicio en línea)40uhttps://vlex.com/source/cuaderno-financiero-gestione-sus-ingresos-y-gastos-33448